| 000 | 00818nam a2200217 a 4500 | ||
|---|---|---|---|
| 003 | 0 | ||
| 005 | 20250310123054.0 | ||
| 008 | 080730s19uu xx 00 eng d | ||
| 050 |
_aPGS LB 1048 _b.L477 2008 |
||
| 100 | _aLee, Ye Rang. | ||
| 245 |
_aPerceptions of grades 5, 6 & 7 ILC students on homework / _cYe Rang Lee. |
||
| 260 |
_aLas Piñas City, Philippines : _bSouthville International School and Colleges, _c2008. |
||
| 300 |
_a22 pages : _billustrations ; _c28 cm. |
||
| 504 | _aIncludes bibliographical references. | ||
| 650 | _aHomework — Student attitudes. | ||
| 650 |
_aHomework _vEffectiveness. |
||
| 650 |
_aHomework _vPsychological aspects. |
||
| 650 |
_aStudy skills _vMiddle school students. |
||
| 650 |
_aStudent perceptions _vHomework and academic performance. |
||
| 942 |
_2lcc _cPASS |
||
| 999 |
_c98013 _d98013 |
||